<?xml version="1.0" encoding="UTF-8"?>
<record
    xmlns:xsi="http://www.w3.org/2001/XMLSchema-instance"
    xsi:schemaLocation="http://www.loc.gov/MARC21/slim http://www.loc.gov/standards/marcxml/schema/MARC21slim.xsd"
    xmlns="http://www.loc.gov/MARC21/slim">

  <leader>00594cam a2200205 i 4500</leader>
  <datafield tag="999" ind1=" " ind2=" ">
    <subfield code="c">125079</subfield>
    <subfield code="d">125079</subfield>
  </datafield>
  <controlfield tag="001">19838273</controlfield>
  <controlfield tag="005">20211223100936.0</controlfield>
  <controlfield tag="008">170725s2018    paua     b    001 0 eng  </controlfield>
  <datafield tag="020" ind1=" " ind2=" ">
    <subfield code="a">9781496346421 (pbk.)</subfield>
  </datafield>
  <datafield tag="040" ind1=" " ind2=" ">
    <subfield code="c">PK-LaUMT</subfield>
  </datafield>
  <datafield tag="082" ind1="0" ind2="0">
    <subfield code="a">615.7076</subfield>
    <subfield code="2">23</subfield>
    <subfield code="b">BER-W</subfield>
  </datafield>
  <datafield tag="100" ind1="1" ind2=" ">
    <subfield code="a">Beringer, Paul</subfield>
  </datafield>
  <datafield tag="245" ind1="1" ind2="0">
    <subfield code="a">Winter's basic clinical pharmacokinetics /</subfield>
    <subfield code="c">by Paul M. Beringer</subfield>
  </datafield>
  <datafield tag="250" ind1=" " ind2=" ">
    <subfield code="a">6th ed.</subfield>
  </datafield>
  <datafield tag="260" ind1=" " ind2=" ">
    <subfield code="a">Philadelphia :</subfield>
    <subfield code="b">Wolters Kluwer,</subfield>
    <subfield code="c">2018</subfield>
  </datafield>
  <datafield tag="300" ind1=" " ind2=" ">
    <subfield code="a">xiv, 530 p. :</subfield>
    <subfield code="b">color illusgtrations ;</subfield>
    <subfield code="c">24 cm</subfield>
  </datafield>
  <datafield tag="650" ind1=" " ind2="0">
    <subfield code="a">Pharmacokinetics.</subfield>
  </datafield>
  <datafield tag="650" ind1=" " ind2="0">
    <subfield code="a">Pharmacokinetics</subfield>
  </datafield>
  <datafield tag="942" ind1=" " ind2=" ">
    <subfield code="c">BK</subfield>
  </datafield>
  <datafield tag="952" ind1=" " ind2=" ">
    <subfield code="0">0</subfield>
    <subfield code="1">0</subfield>
    <subfield code="4">0</subfield>
    <subfield code="7">0</subfield>
    <subfield code="a">HSC</subfield>
    <subfield code="b">HSC</subfield>
    <subfield code="d">2021-12-23</subfield>
    <subfield code="l">0</subfield>
    <subfield code="o">615.7076 BER-W</subfield>
    <subfield code="p">140421</subfield>
    <subfield code="r">2021-12-23 00:00:00</subfield>
    <subfield code="w">2021-12-23</subfield>
    <subfield code="y">BK</subfield>
  </datafield>
  <datafield tag="952" ind1=" " ind2=" ">
    <subfield code="0">0</subfield>
    <subfield code="1">0</subfield>
    <subfield code="4">0</subfield>
    <subfield code="7">0</subfield>
    <subfield code="a">HSC</subfield>
    <subfield code="b">HSC</subfield>
    <subfield code="d">2021-12-23</subfield>
    <subfield code="l">0</subfield>
    <subfield code="o">615.7076 BER-W</subfield>
    <subfield code="p">140422</subfield>
    <subfield code="r">2021-12-23 00:00:00</subfield>
    <subfield code="t">C.2</subfield>
    <subfield code="w">2021-12-23</subfield>
    <subfield code="y">BK</subfield>
  </datafield>
  <datafield tag="952" ind1=" " ind2=" ">
    <subfield code="0">0</subfield>
    <subfield code="1">0</subfield>
    <subfield code="4">0</subfield>
    <subfield code="7">0</subfield>
    <subfield code="a">HSC</subfield>
    <subfield code="b">HSC</subfield>
    <subfield code="d">2021-12-23</subfield>
    <subfield code="l">0</subfield>
    <subfield code="o">615.7076 BER-W</subfield>
    <subfield code="p">140423</subfield>
    <subfield code="r">2021-12-23 00:00:00</subfield>
    <subfield code="t">C.3</subfield>
    <subfield code="w">2021-12-23</subfield>
    <subfield code="y">BK</subfield>
  </datafield>
  <datafield tag="952" ind1=" " ind2=" ">
    <subfield code="0">0</subfield>
    <subfield code="1">0</subfield>
    <subfield code="4">0</subfield>
    <subfield code="7">0</subfield>
    <subfield code="a">HSC</subfield>
    <subfield code="b">HSC</subfield>
    <subfield code="d">2021-12-23</subfield>
    <subfield code="l">0</subfield>
    <subfield code="o">615.7076 BER-W</subfield>
    <subfield code="p">140424</subfield>
    <subfield code="r">2021-12-23 00:00:00</subfield>
    <subfield code="t">C.4</subfield>
    <subfield code="w">2021-12-23</subfield>
    <subfield code="y">BK</subfield>
  </datafield>
  <datafield tag="952" ind1=" " ind2=" ">
    <subfield code="0">0</subfield>
    <subfield code="1">0</subfield>
    <subfield code="4">0</subfield>
    <subfield code="7">0</subfield>
    <subfield code="a">HSC</subfield>
    <subfield code="b">HSC</subfield>
    <subfield code="d">2021-12-23</subfield>
    <subfield code="l">0</subfield>
    <subfield code="o">615.7076 BER-W</subfield>
    <subfield code="p">140425</subfield>
    <subfield code="r">2021-12-23 00:00:00</subfield>
    <subfield code="t">C.5</subfield>
    <subfield code="w">2021-12-23</subfield>
    <subfield code="y">BK</subfield>
  </datafield>
</record>
